Thực hành frontpage 2002 bằng hình ảnh

保存先:
書誌詳細
第一著者: Ngọc Trâm
フォーマット: 図書
言語:Undetermined
出版事項: Tp. HCM Trẻ 2002
主題:
タグ: タグ追加
タグなし, このレコードへの初めてのタグを付けませんか!
Thư viện lưu trữ: Trung tâm Học liệu Trường Đại học Cần Thơ
LEADER 00542nam a2200181Ia 4500
001 CTU_54769
008 210402s9999 xx 000 0 und d
020 |b 26000 
082 |a 005.3 
082 |b Ng419 
100 |a Ngọc Trâm 
245 0 |a Thực hành frontpage 2002 bằng hình ảnh 
245 0 |c Ngọc Trâm 
260 |a Tp. HCM 
260 |b Trẻ 
260 |c 2002 
650 |a world wide web ( information retrieval system ),frontpage ( computer programs ) 
980 |a Trung tâm Học liệu Trường Đại học Cần Thơ